Probability and statistics with reliability queuing and computer science applications / (Record no. 194522)
[ view plain ]
| 000 -LEADER | |
|---|---|
| fixed length control field | 00724nam a2200217Ia 4500 |
| 005 - DATE AND TIME OF LATEST TRANSACTION | |
| control field | 20220719125036.0 |
| 008 - FIXED-LENGTH DATA ELEMENTS--GENERAL INFORMATION | |
| fixed length control field | 210716s2014 xx 000 0 und d |
| 020 ## - INTERNATIONAL STANDARD BOOK NUMBER | |
| International Standard Book Number | 9788126518531 |
| 040 ## - CATALOGING SOURCE | |
| Transcribing agency | AIMIT LIBRARY |
| 041 ## - LANGUAGE CODE | |
| Language code of text/sound track or separate title | eng |
| 082 ## - DEWEY DECIMAL CLASSIFICATION NUMBER | |
| Classification number | 519.2 |
| Edition number | 2 |
| Item number | TRIK |
| 100 ## - MAIN ENTRY--PERSONAL NAME | |
| Personal name | Trivedi, Kishor Shridharbhai. |
| 9 (RLIN) | 51200 |
| 245 ## - TITLE STATEMENT | |
| Title | Probability and statistics with reliability queuing and computer science applications / |
| Statement of responsibility, etc. | By Kishor Shridharbhai Trivedi. |
| 250 ## - EDITION STATEMENT | |
| Edition statement | 2nd ed. |
| 260 ## - PUBLICATION, DISTRIBUTION, ETC. | |
| Place of publication, distribution, etc. | New Delhi : |
| Name of publisher, distributor, etc. | Wiley India Pvt Ltd , |
| Date of publication, distribution, etc. | 2014. |
| 300 ## - PHYSICAL DESCRIPTION | |
| Extent | xv,830p. ; |
| Dimensions | 23 cm. |
| 650 ## - SUBJECT ADDED ENTRY--TOPICAL TERM | |
| Topical term or geographic name entry element | Discrete random variables |
| 9 (RLIN) | 51201 |
| 650 ## - SUBJECT ADDED ENTRY--TOPICAL TERM | |
| Topical term or geographic name entry element | Expectation |
| 9 (RLIN) | 51202 |
| 650 ## - SUBJECT ADDED ENTRY--TOPICAL TERM | |
| Topical term or geographic name entry element | Statistical inference |
| 9 (RLIN) | 51203 |
| 942 ## - ADDED ENTRY ELEMENTS (KOHA) | |
| Source of classification or shelving scheme | Dewey Decimal Classification |
| Koha item type | Book |
| Edition | 2nd |
| Call number prefix | 23 cm. |
| Withdrawn status | Lost status | Source of classification or shelving scheme | Damaged status | Not for loan | Collection code | Home library | Current library | Source of acquisition | Cost, normal purchase price | Inventory number | Total Checkouts | Full call number | Barcode | Date last seen | Cost, replacement price | Price effective from | Koha item type |
|---|---|---|---|---|---|---|---|---|---|---|---|---|---|---|---|---|---|
| Dewey Decimal Classification | Reference Book | MCA | St Aloysius Institute of Management & Information Technology | St Aloysius Institute of Management & Information Technology | Current Books | 469.00 | Bill no:27; Bill dt:2010-04-30 | 519.2 TRIK | MCA09883 | 07/21/2025 | 337.68 | 07/16/2021 | Book | ||||
| Dewey Decimal Classification | MCA | St Aloysius Institute of Management & Information Technology | St Aloysius Institute of Management & Information Technology | Current Books | 469.00 | Bill no:27; Bill dt:2010-04-30 | 519.2 TRIK | MCA09884 | 07/21/2025 | 337.68 | 07/16/2021 | Book | |||||
| Dewey Decimal Classification | MCA | St Aloysius Institute of Management & Information Technology | St Aloysius Institute of Management & Information Technology | Knowledge World | Bill no:445; Bill dt:2015-03-20 | 519.2 TRIK | MCA14030 | 07/21/2025 | 07/16/2021 | Book |